| 000 | 01346cam a2200277 4500 | ||
|---|---|---|---|
| 001 | ##L132135 | ||
| 008 | 060112n2006 000 0 eng u | ||
| 020 | _a978184219285X | ||
| 035 | _a(Sirsi) u132135 | ||
| 041 | 0 | _aeng | |
| 050 | 0 | 4 | _a690.0285 $2 18 |
| 100 | 1 | _aLee, Angela | |
| 245 | 0 | 2 | _aA roadmap for nD-enabled construction |
| 260 |
_aLondon _bRICS _c2006 |
||
| 490 |
_aRICS Research Paper Series _v6(2) |
||
| 520 | _aAccumulates the results of 5 workshops to produce a roadmap of how nD modelling can help the design and construction industries to improve their performance. Updates the 2005 RICS research paper "nD modelling: a driver or enabler for construction improvement?" (ISBN 1842192000). Shows that the concentration of effort should be placed on the education and training activities to heighten the level of industry's awareness of nD modelling, with the technology itself being of a lower importance. | ||
| 590 | _aIKA230506 | ||
| 690 |
_aConstruction management _96230 |
||
| 700 | 1 | _aWu, Song | |
| 700 | 1 | _aAouad, Ghassan | |
| 700 | 1 | _aCooper, Rachel | |
| 700 | 1 | _aTah, Joseph | |
| 710 | 2 |
_aRoyal Institution of Chartered Surveyors _bResearch _94902 |
|
| 856 | 4 | 0 |
_uhttps://www.rics.org/RICSservices/RICSresearch/Research+paper+on+nD-roadmap.htm _zView the item free of charge at www.rics.org... |
| 942 | _n0 | ||
| 999 |
_c105031 _d105031 |
||